[Event "Aarhusmesterskabet 2020"]
[Site "Aarhus"]
[Date "2020.02.14"]
[Round "1.1"]
[White "Moller, Albert Mechlenburg"]
[Black "Danielsen, Henrik"]
[Result "0-1"]
[WhiteElo "1820"]
[BlackElo "2511"]
[Annotator "TA"]
[PlyCount "100"]
[EventDate "2020.02.14"]
[EventType "swiss"]
[EventCountry "DEN"]
[SourceTitle "playchess.com"]
[Source "ChessBase"]
[SourceQuality "1"]

{[%evp 9,99,0,0,-32,-33,-96,-81,-103,-74,-129,-128,-197,-198,-200,-205,-376,-376,-380,-366,-378,-353,-437,-436,-598,-588,-593,-585,-579,-72,-1017,-1094,-1932,-2017,-1715,-354,-352,-331,-341,-328,-348,0,-1268,-1252,-1446,-240,-276,0,-1352,-362,-484,-242,-402,-407,-791,-152,-148,-148,-162,-141,-158,-141,-141,-141,-146,-104,-165,-141,-424,-150,-199,0,-416,0,0,0,-422,-420,-847,-623,-438,-74,-989,-750,-29970,-29971,-29970,-29972,-29971,-29972,-29998,-29999,-29999]} 1. c4 g6 2. Nc3 Bg7 3. d4 c5 4. dxc5 Bxc3+ 5. bxc3 Qa5 6. Qd4 {A40: Unusual replies to 1 d4.} Nf6 7. Bh6 (7. Nf3 $15) 7... Nc6 $17 8. Qd3 {[#] Black is better.} Ne4 $146 ({Reject} 8... Qxc5 $6 9. Bg7 $11) ({Predecessor:} 8... Qxc5 9. Nf3 b6 10. e4 Ba6 11. Be2 Ne5 12. Nxe5 Qxe5 13. f3 Rc8 14. Rd1 Bxc4 {0-1 (39) Kirillov,I (1796)-Troglodyt2017 chess.com INT 2018}) 9. Bg7 (9. Rc1 $142 Nxc5 10. Qd2) 9... Nxc5 10. Qh3 (10. Qc2 $17 {was necessary.} Rg8 11. Bh6) 10... d6 $19 11. Qh6 f6 12. Rc1 $2 (12. Qe3 Rg8 13. Bxf6) 12... Rg8 13. Qxh7 Be6 14. Qxg6+ Kd7 15. Qh7 Qa3 {[%cal Ra3c1]} 16. Rc2 {[#]} Rxg7 $1 {[%mdl 512]} 17. Qxg7 Bf5 18. e4 Bxe4 $2 $40 {[%mdl 128] Black is out for blood.} (18... Nxe4 $19 19. f3 Nxc3) 19. Rd2 $2 {[%mdl 8192]} (19. Qg4+ $17 Kc7 20. Qd1) 19... Qc1+ 20. Rd1 Qxc3+ 21. Rd2 Ne5 $2 (21... Nb4 {( -> ...Nc2+)} 22. Nf3 Ncd3+ 23. Bxd3 Bxd3) 22. Qg3 Qb4 {aiming for ...Bc2.} 23. Nf3 Bxf3 24. gxf3 Qc3 $2 ({Black should play} 24... b5 $19 25. Be2 bxc4) 25. f4 $2 {[%mdl 8192]} (25. Be2 $11) 25... Nf3+ {[%mdl 64] Double Attack, Pin} 26. Ke2 Nd4+ $2 (26... Qxc4+ 27. Kd1 Qa4+ 28. Kc1 Nb3+ $1 {[%mdl 576] Double Attack} 29. Kb2 Nbxd2 30. Bh3+ Kc7 31. Rc1+ Kb6) 27. Ke1 Nf3+ $2 (27... Qa1+ 28. Rd1 Nc2+ 29. Ke2 Qxa2) 28. Ke2 Qxd2+ (28... Qxc4+ $142 29. Kd1 Qa4+ 30. Kc1 Nb3+ $1 {[%mdl 576] Double Attack} 31. Kb2 Nbxd2 32. Bh3+ Kc7 33. Rc1+ Kb6) 29. Kxf3 Rh8 (29... f5 $142 30. Bh3 Qd3+ 31. Kg2 Qe4+ 32. Kg1 Qe1+ 33. Kg2 Qe6 34. Bxf5 Qxf5) 30. Bh3+ $2 (30. Kg2) 30... Kc7 {...b5 is the strong threat.} 31. Kg2 (31. Bf5 $142 Qc3+ 32. Kg2 Qxc4 33. Bg6) 31... Ne4 $2 (31... Nd3 $19 {and Black stays clearly on top.} 32. Kf3 Nxf2 $1 {[%mdl 576] Clearance}) 32. Qe3 $17 Qc2 {White must now prevent ...Rg8+.} 33. Bf5 Rg8+ 34. Kf3 Nd2+ 35. Ke2 Qxf5 36. Kxd2 {[%mdl 4096] Endgame KQR-KQR} Qa5+ 37. Kd3 (37. Kc1 $17) 37... Qa3+ (37... Qxa2 38. Qxe7+ Kb8 39. Qxd6+ Ka8 40. Qd5 $11) 38. Kd4 $2 {[%mdl 8192]} (38. Ke4 $17 Qxa2 39. Kf3) 38... Qb2+ $2 (38... e5+ $1 $19 {is more deadly.} 39. Ke4 f5+ $1 {[%mdl 512]} 40. Kf3 e4+ 41. Ke2 Qxa2+ {[%mdl 64] Double Attack} 42. Qd2 Qxc4+ 43. Ke1 Qb3) 39. Kd3 {[#]} Qa3+ $2 (39... Qxa2 40. Qxe7+ Kb8 41. Qxd6+ Ka8 42. Qd5 $11) (39... e5 $1 40. Rc1 Qxa2) 40. Kd4 $1 $19 Qc5+ 41. Kd3 Qa3+ {[%mdl 64] Double Attack} 42. Kd4 $1 e5+ $1 43. fxe5 (43. Ke4 $142 f5+ 44. Kf3 e4+ 45. Ke2 Qxa2+ {[%mdl 64] Double Attack} 46. Qd2 Qxc4+ 47. Ke1) 43... dxe5+ 44. Ke4 {[#]} Rg4+ $2 (44... f5+ $1 $19 {[%mdl 512]} 45. Kf3 (45. Kxf5 Qd6) 45... e4+ 46. Ke2 Qxa2+ {[%mdl 64] Double Attack} 47. Kf1 Kb8) 45. Kf5 $2 {[%mdl 8192]} (45. Kf3 $17 Rf4+ 46. Kg2) 45... Rf4+ 46. Ke6 Qd6+ {Black mates.} 47. Kf7 Qd7+ 48. Kg6 Rg4+ 49. Kh5 Qf5+ 50. Kh6 Qg6# {Accuracy: White = 33%, Black = 53%.} 0-1

[Event "Aarhusmesterskabet 2020"]
[Site "Aarhus"]
[Date "2020.02.14"]
[Round "1.2"]
[White "Ochsner, Bjorn Moller"]
[Black "Stanislaus, Johann"]
[Result "1-0"]
[WhiteElo "2472"]
[BlackElo "1833"]
[Annotator "TA"]
[PlyCount "87"]
[EventDate "2020.02.14"]
[EventType "swiss"]
[EventCountry "DEN"]
[SourceTitle "playchess.com"]
[Source "ChessBase"]
[SourceQuality "1"]

{[%evp 20,87,56,54,70,72,95,85,84,76,113,114,116,126,127,111,122,107,117,94,198,160,162,132,208,207,230,168,180,162,160,161,209,166,319,312,335,299,614,566,589,568,515,424,414,420,411,380,406,399,538,530,518,516,491,474,482,459,12837,12838,12838,12839,12839,12839,12839,10652,12840,12840,12843,12843]} 1. e4 c5 2. Nf3 g6 3. c4 Nc6 4. d4 cxd4 5. Nxd4 Bg7 6. Be3 d6 7. Nc3 a6 8. Be2 Nf6 9. O-O O-O 10. Qd2 Bd7 11. f3 Kh8 {[#] B38: Sicilian: Maroczy Bind with 5...Bg7 and 7...0-0.} 12. Rab1 $146 ({Predecessor:} 12. Rac1 Qa5 13. Nb3 Qd8 14. Nd5 Be6 15. Bb6 Qd7 16. Rfd1 Ne8 17. Nd4 Bxd5 18. cxd5 Nxd4 19. Bxd4 {1-0 (50) Bunda,V (2345)-Harasta,I (2121) Slovakia 2014}) 12... Ng8 13. Nxc6 Bxc6 {White is better.} 14. b4 b6 15. Nd5 Bxd5 16. cxd5 b5 17. Rfc1 Qd7 18. Rc6 f5 19. Rbc1 f4 (19... fxe4 $16 20. fxe4 Qe8) 20. Bf2 ({Resist} 20. Bxf4 $6 Rxf4 21. Qxf4 Bh6 $16) 20... g5 21. Qc2 h5 (21... Be5 $16 {keeps fighting.} 22. a4 bxa4 23. Qxa4 (23. Bxa6 a3 $16) 23... Nf6) 22. a4 $18 g4 23. Rc7 Qe8 24. fxg4 hxg4 25. Bxg4 Qg6 26. Bf3 $36 {[%mdl 2048] White is really pushing.} Rf7 $2 {[#]} (26... Bf6 27. axb5 axb5) 27. Rc8 Rxc8 28. Qxc8 Kh7 $2 (28... bxa4 29. Qxa6 Qf6) 29. Qxa6 Nf6 30. Qxb5 Nxe4 31. Qd3 Nxf2 32. Qxg6+ Kxg6 33. Kxf2 {[%mdl 4096] Endgame KRB-KRB} Bd4+ 34. Ke2 Kf5 35. Rc8 {White is clearly winning.} e5 {intending ...e4.} 36. dxe6 Kxe6 37. Kd3 Be3 38. Kc4 Kd7 (38... Ra7 $142 39. a5 Bd2) 39. Bg4+ Ke7 40. Rc7+ Kf6 41. Rxf7+ Kxf7 42. a5 Ke7 43. b5 {[%cal Bb4b5,Bb5b6][%mdl 32]} Kd8 44. b6 {Accuracy: White = 91%, Black = 48%.} 1-0

[Event "Aarhusmesterskabet 2020"]
[Site "Aarhus"]
[Date "2020.02.14"]
[Round "1.3"]
[White "Knudsen, Philip Uhre"]
[Black "Fries-Nielsen, Jens Ove"]
[Result "0-1"]
[WhiteElo "1779"]
[BlackElo "2373"]
[Annotator "TA"]
[PlyCount "46"]
[EventDate "2020.02.14"]
[EventType "swiss"]
[EventCountry "DEN"]
[SourceTitle "playchess.com"]
[Source "ChessBase"]
[SourceQuality "1"]

{[%evp 13,46,26,28,6,16,20,20,6,7,-3,-1,-51,9,-52,-54,-49,-49,-46,-52,-32,18,-49,-41,-97,-106,-121,-120,-127,-124,-161,-145,-183,-100,-205,-215]} 1. e4 g6 2. d4 Bg7 3. Be3 d6 4. c3 Nf6 5. Bd3 Nc6 6. Nf3 O-O 7. O-O e5 8. dxe5 {B07: Pirc Defence: Miscellaneous Systems.} Nxe5 9. Nxe5 dxe5 {[#]} 10. Bc2 $146 {The position is equal.} ({Predecessor:} 10. Qc2 c6 11. Bc5 Re8 12. Rd1 Be6 13. Be2 Qc8 14. Nd2 Nd7 15. Be3 Bf8 16. Nc4 {1-0 (25) Stumpe,D (1674)-Sicking,N (1761) Germany 2015}) 10... Qe7 11. Na3 Ng4 {Strongly threatening ...Qh4.} 12. Qe2 (12. Bc1 {is more complex.} Rd8 13. Qe2 Qh4 14. h3 Nf6 15. Be3) 12... f5 (12... Nxe3 $15 13. Qxe3 a5) 13. f3 (13. exf5 $11 Nxe3 14. fxe3) 13... Nxe3 $15 14. Qxe3 f4 $36 {[%mdl 2048] Black has the initiative.} 15. Qe2 g5 16. Rad1 h5 17. Nc4 (17. Qc4+ $1 $11 Kh7 18. Nb5) 17... g4 18. Nd2 ({White should play} 18. Kh1 $15) 18... a5 $17 19. Bb3+ Kh8 20. Bc4 Rf6 21. Kh1 Rg6 22. Rg1 {[#]} Qh4 (22... g3 $1 $19 23. Rge1 gxh2) 23. Qe1 (23. g3 $17 {might work better.} fxg3 24. Rxg3) 23... g3 {Accuracy: White = 42%, Black = 77%.} 0-1

[Event "Aarhusmesterskabet 2020"]
[Site "Aarhus"]
[Date "2020.02.14"]
[Round "1.4"]
[White "Dumas, Charles"]
[Black "Jaques, Hannibal Valeur"]
[Result "1-0"]
[WhiteElo "2289"]
[BlackElo "1794"]
[Annotator "TA"]
[PlyCount "25"]
[EventDate "2020.02.14"]
[EventType "swiss"]
[EventCountry "DEN"]
[SourceTitle "playchess.com"]
[Source "ChessBase"]
[SourceQuality "1"]

{[%evp 10,25,262,72,400,392,400,410,1470,1448,1424,1421,1623,948,29995,29996,29996,29997]} 1. e4 e5 2. Nc3 Nc6 3. Bc4 Bc5 4. Qg4 Qf6 5. Nd5 Qxf2+ 6. Kd1 Nf6 $2 {[%mdl 8192] C25: Vienna Game: Alternatives to 2...Nf6.} (6... Kf8 $16 {is a better chance.}) 7. Qxg7 $18 {[%mdl 64] [#] Double Attack} Nxd5 8. exd5 Na5 (8... Bf8 $142 9. Qxh8 Qxg2) 9. Qxh8+ Ke7 10. Qxe5+ {[%mdl 64] Double Attack} Kd8 11. Nh3 {[#]} Qxg2 $146 ({Predecessor:} 11... Nxc4 12. Qh8+ Ke7 13. Nxf2 Bxf2 14. d3 Nb6 15. Qe5+ Kf8 16. Bh6+ Kg8 17. Qg7# {1-0 (17) Toth Katona,T (2026)-Kiss,E (1215) Budapest 2015}) 12. Qh8+ {[%mdl 64] [#] Double Attack} Ke7 13. Re1+ 1-0

[Event "Aarhusmesterskabet 2020"]
[Site "Aarhus"]
[Date "2020.02.14"]
[Round "1.5"]
[White "Nielsen, Jonas"]
[Black "Nielsen, Viktor Haarmark"]
[Result "0-1"]
[WhiteElo "1734"]
[BlackElo "2300"]
[Annotator "TA"]
[PlyCount "52"]
[EventDate "2020.02.14"]
[EventType "swiss"]
[EventCountry "DEN"]
[SourceTitle "playchess.com"]
[Source "ChessBase"]
[SourceQuality "1"]

{[%evp 18,52,12,-34,-29,-40,-35,-53,-60,-60,-49,-97,-85,-104,-117,-110,-122,-95,-117,-111,-53,-368,-377,-513,-518,-607,-615,-886,-866,-806,-487,-29986,-29987,-29993,-29994,-29995,-5389]} 1. e4 c5 2. Nf3 e6 3. d4 cxd4 4. Nxd4 Nc6 5. Nc3 Qc7 6. Be2 a6 7. O-O Nf6 8. Be3 Bb4 9. f3 O-O 10. Nxc6 bxc6 {[%cal Bb7c6,Bc6c5,Bc5b4][%mdl 32] B49: Sicilian: Taimanov: 5 Nc3 Qc7 6 Be3 a6 7 Be2.} 11. Qd2 d5 12. a3 Bd6 {Black is slightly better.} 13. g3 Bb7 {[#]} 14. b4 $146 ({Predecessor:} 14. Bf2 Rab8 15. b4 Be5 16. Bd3 Rfd8 17. Qe1 dxe4 18. Bxe4 Nd5 19. Bxd5 cxd5 20. Bc5 {0-1 (39) Schulz,H-Josting,F Oberstdorf 2003}) 14... c5 15. exd5 cxb4 16. Ne4 {[#]} Nxe4 $1 ({Don't play} 16... Nxd5 $6 17. Nxd6 Nxe3 18. Qxe3 $11) 17. fxe4 exd5 18. exd5 Rfe8 (18... bxa3 $17 {White must now prevent ...Rae8.} 19. c4 Rae8) 19. Bf4 $2 {[%mdl 8192]} ({White should play} 19. axb4 $15 Qe7 20. Rf3) 19... Qc5+ $19 20. Rf2 {Threatening Bxd6.} Bxf4 {[%mdl 64] [#] Overworked Piece} 21. Qxf4 Rxe2 $1 22. Qxf7+ Kh8 {Hoping for ...Rxf2.} 23. Raf1 Rxf2 24. Rxf2 (24. Qxf2 $19 Qxf2+ 25. Rxf2) 24... bxa3 {Black mates.} 25. Qxb7 Rf8 26. Qb6 Qxf2+ {Accuracy: White = 39%, Black = 74%.} (26... Qxb6 $142 27. Kg2 Qxf2+ 28. Kh3 Rf5 29. Kh4 Qxh2+ 30. Kg4 Qh5#) 0-1

[Event "Aarhusmesterskabet 2020"]
[Site "Aarhus"]
[Date "2020.02.14"]
[Round "1.6"]
[White "Hansen, Lars Bo"]
[Black "Nguyen, Phong Van"]
[Result "1-0"]
[WhiteElo "2560"]
[BlackElo "1743"]
[Annotator "TA"]
[PlyCount "89"]
[EventDate "2020.02.14"]
[EventType "swiss"]
[EventCountry "DEN"]
[SourceTitle "playchess.com"]
[Source "ChessBase"]
[SourceQuality "1"]

{[%evp 9,89,16,23,23,21,22,30,-8,-4,-31,-39,-35,27,27,35,27,23,11,33,35,52,50,41,14,33,0,0,0,0,5,6,0,25,-34,-40,-33,-23,-16,51,-14,0,-32,8,8,10,0,0,0,0,0,13,-39,11,15,63,60,73,73,75,83,71,76,72,70,604,591,636,636,636,630,614,613,835,788,1752,1681,5728,5716,5506,5419,4727,1918]} 1. g3 Nf6 2. Bg2 d5 3. d3 c6 4. Nf3 Bf5 5. b3 Nbd7 6. Bb2 {A07: Réti Opening: New York and Capablanca Systems.} e6 7. Nbd2 Bd6 8. e3 $5 {[%mdl 4] [#] White has an edge. An interesting side line.} O-O $146 ({Predecessor:} 8... Qc7 9. a4 O-O 10. O-O Bg4 11. Qc1 e5 12. e4 Rae8 13. h3 Bh5 14. Nh4 Bg6 {0-1 (28) Felder,T-Schenker,L Zuerich 1993}) 9. Qe2 {[#] Threatens to win with e4.} e5 10. e4 dxe4 (10... Bg6 $15) 11. dxe4 $11 Bg4 12. O-O Qc7 13. h3 Be6 14. Ng5 Rfe8 15. Nxe6 Rxe6 16. Rad1 Bf8 17. Nc4 b5 18. Ne3 Nc5 19. Ng4 Nxg4 20. hxg4 a5 21. a3 (21. f4 $11) 21... Ree8 $15 22. Rd2 Rad8 23. Rfd1 f6 (23... Rxd2 $11 24. Rxd2 (24. Qxd2 Ne6 $11) 24... Ne6) 24. Qe3 ({White should try} 24. g5 $14) 24... Ne6 25. Qf3 (25. Rxd8 {feels hotter.} Rxd8 26. Rxd8 Qxd8 27. Qe2 Bc5 28. Bf1) 25... Nd4 (25... Bc5 {with more complications.} 26. c3 a4 27. b4 Bb6 28. Qe2 Rxd2 29. Rxd2 Rb8) 26. Bxd4 exd4 27. Rxd4 Rxd4 28. Rxd4 Bxa3 29. Qf5 Qe5 (29... Bd6 {looks sharper.} 30. e5 Rxe5 31. Qd3 Be7 32. Be4 g6) 30. Rd7 ({White should play} 30. Qd7 $11) 30... Qxf5 (30... Bc5 {is more complex.} 31. g5 fxg5 32. Qf7+ Kh8 33. Qf5 h5) 31. exf5 {[%mdl 4096] Endgame KRB-KRB} Rc8 32. Ra7 $1 Bb4 33. Ra6 c5 34. Bd5+ Kf8 35. Ra7 Rd8 36. c4 Rxd5 $2 {[%mdl 8192] [#]} (36... bxc4 $14 37. bxc4 (37. Bxc4 Rd4 $16) 37... Rd6) 37. cxd5 $14 {KR-KB. White is clearly winning.} c4 38. bxc4 bxc4 39. Kf1 c3 40. Ke2 Ke8 41. Kd3 Kd8 42. Rxg7 a4 43. Rxh7 a3 44. Ra7 Kc8 45. f4 {Accuracy: White = 74%, Black = 58%.} 1-0

[Event "Aarhusmesterskabet 2020"]
[Site "Aarhus"]
[Date "2020.02.14"]
[Round "1.7"]
[White "Nielsen, Ture Jungberg"]
[Black "Hoiberg, Nina"]
[Result "0-1"]
[WhiteElo "1760"]
[BlackElo "2168"]
[Annotator "TA"]
[PlyCount "88"]
[EventDate "2020.02.14"]
[EventType "swiss"]
[EventCountry "DEN"]
[SourceTitle "playchess.com"]
[Source "ChessBase"]
[SourceQuality "1"]

{[%evp 14,87,50,47,59,-43,-34,-43,67,-20,0,0,12,0,38,0,254,247,245,231,209,41,68,66,152,144,152,152,152,152,164,158,241,132,114,0,0,-52,-46,-355,-363,-751,-740,-29994,-2033,-29995,-29996,-29996,-29995,-29995,-29993,-29993,-29994,-29994,-29993,-29993,-29993,-29993,-29994,-29994,-29995,-29995,-29995,-29995,-29995,-29995,-29996,-29996,-29997,-29997,-29998,-29998,-29998,-29998,-29999,-29999]} 1. c4 e5 2. Nc3 Nf6 3. g3 c6 4. Bg2 d6 5. e3 Be7 6. Nge2 O-O 7. O-O Nbd7 8. d4 Qc7 {A53: Old Indian Defence without Nf3.} 9. b4 (9. b3 $14) 9... a5 $15 10. b5 {[#]} c5 $146 (10... Nb6 $15) ({Predecessor:} 10... Nb6 11. d5 cxb5 12. cxb5 a4 13. a3 Qc4 14. Rb1 Bg4 15. Rb4 Qxc3 16. Nxc3 Bxd1 17. Rxd1 {0-1 (62) Pluta,N (1494)-Kubicka,A (2012) Iwonicz 2015}) 11. Bb2 ({White should try} 11. d5 $14) 11... cxd4 12. exd4 Qxc4 13. Rc1 $36 {[%mdl 2048] Nd5 is the strong threat. White is pushing.} Qe6 (13... Qb4 $5 {[%cal Re5d4]} 14. Na4 Qxb5 $15) 14. Nf4 Qg4 $2 {[%mdl 8192]} (14... exf4 $11 {and Black has nothing to worry.} 15. Re1 fxg3 $1 {[%mdl 512]} 16. Rxe6 gxf2+ 17. Kxf2 fxe6) 15. Nfd5 $18 Bd8 16. Qxg4 Nxg4 17. dxe5 $2 (17. Ne4 $18) 17... Ndxe5 18. Rfd1 {Black must now prevent Ne4.} Nf6 {[#]} ({Black should play} 18... Nc4 $14 19. Na4 Nxb2 20. Nxb2 Be6) 19. Nxf6+ $1 $16 Bxf6 20. Nd5 Nf3+ 21. Bxf3 Bxb2 22. Rc7 Re8 (22... Rb8 $16 23. Ne7+ {[%mdl 64] Discovered Attack} Kh8) 23. Nb6 (23. Rc2 $18) 23... Rb8 24. Rd2 ({Don't do} 24. Rxd6 Bh3 $14) (24. Bd5 $16 Be6 25. Bxe6 fxe6 26. Nc4) 24... Bh3 $11 {[%cal Re8e1]} 25. Be2 (25. Rd1 $11) 25... Ba3 26. f4 $2 {[%mdl 8192]} (26. Nd5 $15) 26... Bc5+ $19 27. Kh1 $2 (27. Rxc5 dxc5 28. Na4) 27... Bxb6 28. Rd7 Bxd7 (28... Rbc8 $142 29. Rd8 Bxd8 30. Bf1 {[#]} Re1 $1 {[%mdl 512]} 31. Rf2 Rcc1 32. Kg1 Rxf1+ {[%mdl 64] Back Rank} 33. Rxf1 Rxf1#) 29. Rxd6 Rxe2 {Black mates.} 30. Rxb6 Rxa2 31. Rd6 Bxb5 32. g4 Rc8 33. Rd1 {[#]} Be2 $1 34. Re1 Bxg4 35. Kg1 h5 36. f5 Rcc2 37. h3 Bxf5 38. h4 Rg2+ 39. Kh1 Rh2+ {[%mdl 64] Double Attack} 40. Kg1 Rag2+ 41. Kf1 Bd3+ 42. Re2 Bxe2+ 43. Ke1 Ba6 {[%cal Rh2h1]} 44. Kd1 Rh1# {Accuracy: White = 32%, Black = 51%.} 0-1

[Event "Aarhusmesterskabet 2020"]
[Site "Aarhus"]
[Date "2020.02.14"]
[Round "2.1"]
[White "Danielsen, Henrik"]
[Black "Andersen, Lars Rene"]
[Result "1-0"]
[WhiteElo "2511"]
[BlackElo "2103"]
[Annotator "TA"]
[PlyCount "166"]
[EventDate "2020.02.14"]
[EventType "swiss"]
[EventCountry "DEN"]
[SourceTitle "playchess.com"]
[Source "ChessBase"]
[SourceQuality "1"]

{[%evp 17,166,-9,0,-2,0,0,9,0,3,0,4,0,16,0,10,13,16,16,15,16,27,16,33,17,55,49,65,65,62,55,60,64,63,34,44,41,41,36,59,43,57,39,37,43,41,36,45,24,35,28,45,29,40,12,34,35,56,34,48,49,90,94,94,79,82,58,88,88,88,88,86,16,26,32,54,49,54,20,79,79,80,65,75,65,65,57,65,58,57,57,57,37,65,65,65,65,65,37,65,48,81,70,70,65,66,55,65,65,65,65,65,65,65,58,58,50,55,55,116,117,665,666,658,638,472,636,639,591,587,612,652,634,572,540,720,662,919,1321,675,1092,1393,1240,1779,1749,1384,1284,12837,12837,12836,12837,2227]} 1. Nf3 d5 2. d4 c6 3. g3 Nf6 4. Bg2 Bf5 5. O-O h6 6. Nbd2 e6 7. c4 Nbd7 8. b3 Be7 {8...Bd6 deserves study.} 9. Bb2 O-O 10. e3 {D11: Slav Defence: 3 Nf3 sidelines and 3...Nf6 4 e3 Bg4.} Re8 11. Qe2 {[#]} Bh7 $146 ({Predecessor:} 11... a5 12. a3 Qb8 13. Rac1 Bh7 14. Rfd1 Ne4 15. Nxe4 Bxe4 16. Bh3 b5 17. Nd2 Bg6 18. cxb5 cxb5 {0-1 (41) Hort,V (2512)-Jackova,J (2403) Prague 2006}) 12. Rfc1 {The position is equal.} a5 13. a3 Bf8 14. Bc3 Qb6 15. c5 Qc7 16. b4 axb4 17. axb4 Reb8 18. Bf1 b5 19. Qe1 Qc8 20. Nb3 Rxa1 21. Rxa1 Ra8 22. Rxa8 Qxa8 23. Qa1 Qb7 24. Na5 Qa6 25. Ne1 Be7 26. f3 Bd8 27. Nd3 Bc7 28. Nb3 Qxa1 29. Bxa1 (29. Nxa1 {feels hotter.} Kf8 30. Nb3 Nb8 31. Ne5 Nfd7 32. Nxd7+ Nxd7 33. Na5) 29... Nb8 30. Bc3 Nfd7 31. Kf2 Kf8 32. h4 Ke8 33. h5 Bf5 34. g4 Bh7 35. Be2 Ke7 36. Nd2 Nf6 37. Bf1 Nfd7 38. e4 $36 {[%mdl 2048] Black is under pressure.} Nf6 {[%cal Rd5e4]} 39. e5 Ng8 40. f4 Ke8 41. Ke3 Ne7 42. Nf3 Bd8 43. Nf2 Nd7 44. Bd3 (44. Be1 $16) 44... Bxd3 $11 45. Kxd3 Kf8 46. Bd2 Kg8 47. Nd1 Kf8 (47... g6 $1 $11 {keeps the balance.}) 48. Ne3 $16 Ng8 49. f5 Ne7 50. Be1 Ng8 51. Bg3 Ke8 52. Bf4 Nf8 53. Ke2 Nh7 54. Kf2 Kd7 55. Kg3 Ke8 56. Ng2 Kd7 57. Bd2 Ke8 58. Nf4 Kd7 59. Nh3 Be7 60. Kf4 Bd8 61. Be1 (61. Be3 {looks sharper.} Ne7 62. Nf2 Bc7 63. Nd3 Ke8 64. Bd2) 61... Be7 62. Bh4 Bxh4 63. Nxh4 $14 {[%mdl 4096] Endgame KNN-KNN} Ke7 64. Ke3 Kd7 65. Nf4 Ng5 66. Nd3 Kc7 67. Nf3 {aiming for Nxg5.} Nxf3 (67... exf5 $14 68. gxf5 Ne4) 68. Kxf3 {Black must now prevent f6! KN-KN} Kd7 $2 {[%mdl 8192] [#]} (68... exf5 $16 69. gxf5 Kd8) 69. f6 $1 $18 {[%mdl 512] White is clearly winning.} gxf6 70. exf6 Nxf6 71. Ne5+ Ke8 72. Nxc6 Ne4 {[#]} 73. Na7 $1 {[%cal Ra7b5]} f6 {intending ...Nc3.} 74. Nxb5 Kd7 75. Na3 e5 76. Ke3 Ng5 77. b5 Ne6 78. Nc2 Kc7 79. Nb4 exd4+ 80. Kd3 Nxc5+ 81. Kxd4 {[%mdl 64] Double Attack} Nd7 82. Nxd5+ Kd6 83. Ne3 Ke6 {Accuracy: White = 91%, Black = 71%.} 1-0

[Event "Aarhusmesterskabet 2020"]
[Site "Aarhus"]
[Date "2020.02.14"]
[Round "2.2"]
[White "Hansen, Morten Lyck"]
[Black "Ochsner, Bjorn Moller"]
[Result "0-1"]
[WhiteElo "1984"]
[BlackElo "2472"]
[Annotator "TA"]
[PlyCount "60"]
[EventDate "2020.02.14"]
[EventType "swiss"]
[EventCountry "DEN"]
[SourceTitle "playchess.com"]
[Source "ChessBase"]
[SourceQuality "1"]

{[%evp 9,60,11,6,0,0,0,43,-37,3,-29,-27,-102,-98,-91,-97,-95,-90,-108,-100,-109,-118,-107,-112,-102,-79,-165,-166,-260,-167,-267,-241,-252,-261,-250,-235,-262,-264,-316,-324,-322,-306,-325,-320,-396,-368,-635,-631,-590,-548,-822,-845,-758,-634]} 1. e4 c5 2. Nf3 d6 3. Bb5+ Bd7 4. Bxd7+ Nxd7 5. c4 Ne5 6. Nxe5 {B52: Sicilian: Moscow Variation with 3...Bd7.} dxe5 7. Nc3 e6 {[#]} 8. O-O $146 (8. Qa4+ $1 $14 Qd7 9. Nb5) ({Predecessor:} 8. Qa4+ Qd7 9. Nb5 Rc8 10. Qxa7 Ne7 11. Qa4 Nc6 12. Qc2 Nb4 13. Qc3 Nd3+ 14. Ke2 {0-1 (21) Wangthumboon,P (1218)-Ding,D (1722) Pattaya 2019}) 8... Bd6 9. d3 Ne7 10. f4 {[#]} (10. Qg4 $11 {remains equal.}) 10... exf4 $1 $17 11. Bxf4 Bxf4 12. Rxf4 O-O 13. Qe2 Ng6 14. Rff1 Qd4+ 15. Kh1 Rad8 16. Rad1 a6 17. Qd2 (17. Rd2 $17) 17... Ne5 $19 18. Qc2 (18. b3 $142) 18... Nxd3 19. a3 (19. Rf3 $142 Nb4 20. Rxd4 Nxc2 21. Rxd8 Rxd8 22. Kg1) 19... Qxc4 20. b3 Qd4 21. Rf3 {[%cal Rf3d3] [#]} Nf2+ $1 {[%mdl 576] Discovered Attack} 22. Rxf2 (22. Qxf2 Qxd1+) 22... Qxc3 $1 23. Qb1 Rxd1+ 24. Qxd1 {[%mdl 4096] Endgame [#] KQR-KQR} Qd4 $1 25. Rd2 Qxe4 26. Rd8 {Intending Rxf8+ and mate.} g6 27. h3 $2 (27. Rd7) 27... Rxd8 {Black is clearly winning.} 28. Qxd8+ Kg7 29. Qc7 Qd5 30. Qg3 e5 {Accuracy: White = 33%, Black = 79%.} 0-1